Pakistan City Quiz - Statistics

General Stats
  • This quiz has been taken 179 times
  • The average score is 9 of 14
Answer Stats
City % Correct
Islamabad
96%
Karachi
96%
Lahore
95%
Peshawar
80%
Quetta
76%
Faisalabad
72%
Multan
69%
Hyderabad
65%
Rawalpindi
61%
Gujranwala
46%
Sialkot
46%
Bahawalpur
32%
Sargodha
24%
Sukkur
22%
No matching quizzes found
Score Distribution
Percent of People with Each Score
Percentile by Number Answered
Your Score History
You have not taken this quiz